Report of the North Carolina geological survey. (Record no. 24170)
[ view plain ]
| 000 -LEADER | |
|---|---|
| fixed length control field | 00893nam a22002411 4500 |
| 001 - CONTROL NUMBER | |
| control field | gs 05000230 |
| 003 - CONTROL NUMBER IDENTIFIER | |
| control field | DLC |
| 005 - DATE AND TIME OF LATEST TRANSACTION | |
| control field | 20260227111300.0 |
| 008 - FIXED-LENGTH DATA ELEMENTS--GENERAL INFORMATION | |
| fixed length control field | 910111s1858 ncua s00000 eng c |
| 010 ## - LIBRARY OF CONGRESS CONTROL NUMBER | |
| LC control number | gs 05000230 //r912 |
| 040 ## - CATALOGING SOURCE | |
| Original cataloging agency | U.S. Geol. Survey Libr./ICU |
| Transcribing agency | ICU |
| 043 ## - GEOGRAPHIC AREA CODE | |
| Geographic area code | n-us-nc |
| 050 10 - LIBRARY OF CONGRESS CALL NUMBER | |
| Classification number | QE147 |
| Item number | .A12 1858 |
| 110 10 - MAIN ENTRY--CORPORATE NAME | |
| Corporate name or jurisdiction name as entry element | North Carolina. |
| Subordinate unit | State geologist. |
| 245 10 - TITLE STATEMENT | |
| Title | Report of the North Carolina geological survey. |
| Remainder of title | Agriculture of the eastern counties; together with descriptions of the fossils of the marl beds ... |
| Statement of responsibility, etc. | By Ebenezer Emmons. |
| 260 0# - PUBLICATION, DISTRIBUTION, ETC. | |
| Place of publication, distribution, etc. | Raleigh, |
| Name of publisher, distributor, etc. | H.D. Turner, |
| Date of publication, distribution, etc. | 1858. |
| 300 ## - PHYSICAL DESCRIPTION | |
| Extent | xvi, 314 p., 1 l. |
| Other physical details | illus. |
| Dimensions | 23 cm. |
| 500 ## - GENERAL NOTE | |
| General note | "Additions and corrections": leaf at end. |
| 650 #0 - SUBJECT ADDED ENTRY--TOPICAL TERM | |
| Topical term or geographic name entry element | Soils |
| Geographic subdivision | North Carolina. |
| 650 #0 - SUBJECT ADDED ENTRY--TOPICAL TERM | |
| Topical term or geographic name entry element | Paleontology |
| Geographic subdivision | North Carolina. |
| 700 10 - ADDED ENTRY--PERSONAL NAME | |
| Personal name | Emmons, Ebenezer, |
| Dates associated with a name | 1799-1863. |
| 740 01 - ADDED ENTRY--UNCONTROLLED RELATED/ANALYTICAL TITLE | |
| Uncontrolled related/analytical title | Agriculture of the eastern counties. |
No items available.